Les Torrasses de la catedral o la fotografia més antiga de Solsona / [textos: Pau Maynés ... [et al.]] Pau Maynés ... [et al.]]
Descripción Física:
12 p. : il. ; 30 cm
Otros Autores:
Maynés i Tolosa, Pau
Materias:
Solsona -- S. XIX -- Fotografies
MARC
| LEADER | 00000nam a2200000Ia 4500 | ||
|---|---|---|---|
| 001 | 17951 | ||
| 003 | BGR | ||
| 005 | 20260324175729.0 | ||
| 008 | 160829s2006 xx 000 0 cat d | ||
| 080 | |a FU-52-10 | ||
| 245 | |a Les Torrasses de la catedral o la fotografia més antiga de Solsona / [textos: |b Pau Maynés ... [et al.]] | ||
| 260 | |a Solsona : |b Generalitat de Catalunya. Arxiu Comarcal del Solsonès, |c 2006 | ||
| 300 | |a 12 p. : |b il. ; |c 30 cm | ||
| 650 | |a Solsona |x S. XIX |x Fotografies |9 39325 | ||
| 700 | |a Maynés i Tolosa, Pau |9 27869 |e autor | ||
| 710 | 2 | |a Catalunya. |b Departament de Cultura |9 52819 | |
| 710 | 1 | |a Arxiu Històric Comarcal de Solsona |9 70493 | |
| 901 | |a Arxiu | ||
| 942 | |n 1 |2 udc |c MON | ||
| 952 | |0 0 |1 0 |4 0 |6 FU5210 |7 1 |9 48947 |a Arxiu |b Arxiu |d 2016-12-01 |l 0 |o FU-52-10 |p 17951 |r 2016-12-01 00:00:00 |w 2016-12-01 |y ARXIU | ||
| 999 | |c 52782 |d 52782 | ||